000 01304cam a22003617a 4500
003 CHAP
005 20220329133002.0
008 971013s1990 r 00010 d
010 _a965
011 _a1937
035 _a1122
040 _cCHAP
090 _aTesis
100 0 0 _aZavala Sánchez, Leopoldo.
_9123807
245 1 3 _aEl agrónomo-productor en Michoacán
_b: una alternativa para la producción agrícola y la transferencia de tecnología de los productores
260 _aChapingo, Méx. :
_bEl autor,
_c1990
300 _a87 h.
502 _aTesis (Ing. Agr. Esp. en Economía Agrícola) -- UACH. Departamento de Economía Agrícola
590 _aALEPH
_b10
_c20130110
_lUCH01
_h1206
590 _aBATCH-UPD
_b10
_c20130110
_lUCH01
_h1101
590 _aBATCH-UPD
_b10
_c20130410
_lUCH01
_h0654
590 _aBATCH-UPD
_b10
_c20130914
_lUCH01
_h0226
590 _aBATCH-UPD
_b10
_c20130914
_lUCH01
_h2003
590 _aCONVERSION
_b10
_c20130109
_lUCH01
_h1302
650 1 4 _aAgricultura
_xInnovaciones tecnológicas.
_91565
650 1 4 _aAgrónomos mexicanos.
_92208
650 1 4 _aAyuda técnica.
_99035
650 1 4 _aCrédito agrícola
_xMichoacán.
_929065
650 1 4 _aTransferencia de tecnología.
_9114619
901 _aBK
942 _cTESIS
949 _bBC
_cTES
_d-10586
_eTS1
_h23175
_i1122
_si
999 _c965
_d965